00497nam a2200193 a 4500001001300000003000900013005001700022008004100039020002300080082001300103100001800116245002700134260003700161300000900198500003500207505002600242650001700268700001800285nice12345678IN_TiNIC20260116014150.0050524s2003 dela grp 000 0 eng  a8171414 c25000a323bNAR aNarasiah, M L aHuman Rights and Peace aDelhibDiscovery Pub.Housec2003 a106p aincludes index and biblioraphy2 aIndex, Quranic Verses aHuman Rights1 aNarasiah, M L